02639cam a22003734i 4500003000900000005001700009008004100026035001900067040003300086082002300119100003500142245011700177264004100294300006300335336002100398337002500419338002300444505152300467526000901990526000901999526000902008526000902017526000902026526000902035526000802044526000802052526000802060526000802068526000802076526000802084600004502092648007102137710005702208PE-LiUPU20250731184549.0150625s r 000 0 d a(Sirsi) a33296 aPE-LiUPUbspacPE-LiUPUerda04a985.061bG993c2211 aGuzman Palomino, Luis,eautor.10aCampaña de La Breña :bcolección de documentos inéditos; 1881-1884 /ccompilador Luis Guzmán Palomino. 1aLima :bMilitares del Perú,c1990. a400 páginas :bilustrado, diagramas ;c21 centímetros. atext2rdacontent aunmediated2rdamedia avolume2rdacarrier0 aDocumentos: La situación en Lima, Cáceres en Tarma, Piérola asciende a Cáceres, apatía y hostilidad hacia Cáceres, rebelión de Ponciano Lira en Jauja, vistoria patriota en San Mateo, encuentrros de avanzadas en Jauja, Cáceres denuncia intentos de sabotaje, Cáceres sugiere a Piérola que se traslade a Matucana, Manifiesto del General andrés Avelino Cáceres, la gran cuestión Nacional, organización del partido nacional, correspondecia para la unificación Nacional, Cáceres prepara ataque a Huancayo, carta en clave:sublevación india,apresan en Lima a presuntos socialistas, Cáceres ordena que indios sean exhonerados de impuestos, elogio dee Cáceres y guerrilleros a Ica y Huarochiri, sublevación india en Ayacucho, Montero no contesta cartas de Cáceres, Morales Bermúdez dice que indios rebeldes de Ayacucho son comunistas, opinión de traidores sobre holocausto patriota en Huamachuco, Cáceres exige a Montero el ejército de Arequipa, Cáceres y las cclases sociales frente a la guerra, duros cargos de Cáceres contra iglesias, guerrillas indios de Ayacucho ocupan casi todas las haciendasy proclaman un Inca, asesinato de hacendados, Cáceres recibe reliquia histórica y reitera que no rendirá su espada, regreso de piérolael ejército de Centro al final de BreñaJauja en poder de patriotas, Cáceres denuncia protectorado chileno, Cáceres y los chilenos, Exhortación de Cáceres, Cáceres declara nulo actos de la administración de iglesias. aP136 aP135 aP134 aP133 aP144 aP143 aP87 aP35 aP20 aP14 aP10 aP0618aCáceres, Andrés Avelino,d1836-1923.28aBreña, Campaña de la, 1881-1883vDocumentos y correspondencia. aCentro de Estudios Histórico-Militares del Perú.